| 000 | 00523cam a2200145 4500500 | ||
|---|---|---|---|
| 005 | 20260412000928.0 | ||
| 041 | _afre | ||
| 042 | _adc | ||
| 100 | 1 | 0 |
_aLabouret, Mireille _eauthor |
| 245 | 0 | 0 | _aRomanesque et romantique dans « Mémoires de deux jeunes mariées » et « Modeste mignon » |
| 260 | _c2000. | ||
| 500 | _a25 | ||
| 786 | 0 | _nL'Année balzacienne | 1 | 1 | 2000-03-01 | p. 43-63 | 0084-6473 | |
| 856 | 4 | 1 | _uhttps://shs.cairn.info/revue-l-annee-balzacienne-2000-1-page-43?lang=fr&redirect-ssocas=7080 |
| 999 |
_c2211104 _d2211104 |
||